[Event "DEM U18w 2020"]
[Site "Willingen GER"]
[Date "2020.10.20"]
[Round "1"]
[White "Geletzke, Hannah"]
[Black "Schneider, Jana"]
[Result "0-1"]
[Termination "normal"]
[Board "1"]
[BlackTitle "FM"]
[WhiteElo "1624"]
[BlackElo "2270"]
[WhiteClock "00:00:39"]
[BlackClock "00:52:24"]
[PlyCount "62"]
[WhiteFideId "12983330"]
[BlackFideId "12924997"]
[EventCountry "GER"]
[EventRounds "7"]
[EventType "swiss"]
[EventDate "2020.10.19"]

1. e4 {[%clk 1:30:58]} e5 {[%clk 1:30:47]} 2. Nf3 {[%clk 1:31:22]} Nc6 {[%clk
1:31:10]} 3. Bc4 {[%clk 1:31:46]} Bc5 {[%clk 1:31:33]} 4. d4 {[%clk 1:32:01]}
Bxd4 {[%clk 1:31:06]} 5. Nxd4 {[%clk 1:31:26]} Nxd4 {[%clk 1:30:31]} 6. Be3
{[%clk 1:23:27]} Nc6 {[%clk 1:30:23]} 7. Qh5 {[%clk 1:20:38]} Qe7 {[%clk
1:29:20]} 8. Nc3 {[%clk 1:17:50]} Nf6 {[%clk 1:28:51]} 9. Qh4 {[%clk 1:17:44]}
d6 {[%clk 1:21:03]} 10. Bg5 {[%clk 1:16:54]} Be6 {[%clk 1:19:56]} 11. Nd5
{[%clk 1:06:38]} Bxd5 {[%clk 1:20:14]} 12. Bxd5 {[%clk 1:04:26]} Nb4 {[%clk
1:17:07]} 13. Bb3 {[%clk 1:02:08]} O-O {[%clk 1:06:57]} 14. O-O-O {[%clk
0:42:06]} h6 {[%clk 1:00:49]} 15. Bxf6 {[%clk 0:36:46]} Qxf6 {[%clk 1:01:06]}
16. Qxf6 {[%clk 0:34:13]} gxf6 {[%clk 1:01:30]} 17. a3 {[%clk 0:33:52]} Na6
{[%clk 1:00:33]} 18. Rhe1 {[%clk 0:31:45]} Nc5 {[%clk 1:00:25]} 19. Bd5 {[%clk
0:20:20]} c6 {[%clk 0:56:17]} 20. b4 {[%clk 0:11:07]} cxd5 {[%clk 0:54:45]} 21.
bxc5 {[%clk 0:10:52]} d4 {[%clk 0:54:10]} 22. cxd6 {[%clk 0:09:26]} Rfd8 {[%clk
0:54:31]} 23. Rd3 {[%clk 0:03:37]} Rxd6 {[%clk 0:54:23]} 24. Rf1 {[%clk
0:03:20]} Rc8 {[%clk 0:53:58]} 25. Kd2 {[%clk 0:02:46]} Rb6 {[%clk 0:53:17]}
26. Rc1 {[%clk 0:02:01]} Rb2 {[%clk 0:52:26]} 27. Rf3 {[%clk 0:01:27]} Rc6
{[%clk 0:52:12]} 28. Rh3 {[%clk 0:00:57]} Ra2 {[%clk 0:51:42]} 29. Rb3 {[%clk
0:00:59]} b6 {[%clk 0:52:01]} 30. Rd3 {[%clk 0:00:49]} Kf8 {[%clk 0:52:02]} 31.
Rh3 {[%clk 0:00:39]} Ke7 {[%clk 0:52:24]} 0-1

[Event "DEM U18w 2020"]
[Site "Willingen GER"]
[Date "2020.10.20"]
[Round "1"]
[White "Müdder, Melanie"]
[Black "Peglau, Sarah"]
[Result "1-0"]
[Termination "normal"]
[Board "2"]
[WhiteElo "2039"]
[BlackElo "1699"]
[WhiteClock "00:42:27"]
[BlackClock "00:12:25"]
[PlyCount "43"]
[WhiteFideId "12994103"]
[BlackFideId "16219961"]
[EventCountry "GER"]
[EventRounds "7"]
[EventType "swiss"]
[EventDate "2020.10.19"]

1. e4 {[%clk 1:30:57]} c6 {[%clk 1:30:56]} 2. Nf3 {[%clk 1:31:06]} d5 {[%clk
1:31:21]} 3. Nc3 {[%clk 1:31:28]} dxe4 {[%clk 1:31:42]} 4. Nxe4 {[%clk
1:31:49]} Nf6 {[%clk 1:32:02]} 5. Qe2 {[%clk 1:31:47]} Nxe4 {[%clk 1:29:39]} 6.
Qxe4 {[%clk 1:32:03]} Qd5 {[%clk 1:25:07]} 7. Qf4 {[%clk 1:32:09]} Qf5 {[%clk
1:22:25]} 8. Qe3 {[%clk 1:32:30]} Qxc2 {[%clk 1:00:39]} 9. Bd3 {[%clk 1:31:24]}
Qa4 {[%clk 1:00:59]} 10. b3 {[%clk 1:31:28]} Qa5 {[%clk 0:58:00]} 11. Bb2
{[%clk 1:29:15]} e6 {[%clk 0:55:37]} 12. O-O {[%clk 1:25:37]} Nd7 {[%clk
0:53:53]} 13. Qf4 {[%clk 1:06:09]} b6 {[%clk 0:39:41]} 14. Ng5 {[%clk 0:58:25]}
Nc5 {[%clk 0:21:50]} 15. b4 {[%clk 0:54:13]} Qa4 {[%clk 0:15:20]} 16. Qxf7+
{[%clk 0:54:16]} Kd8 {[%clk 0:15:48]} 17. bxc5 {[%clk 0:54:09]} Bxc5 {[%clk
0:15:08]} 18. Bxg7 {[%clk 0:51:56]} Re8 {[%clk 0:15:07]} 19. Bf6+ {[%clk
0:44:13]} Be7 {[%clk 0:15:28]} 20. Nxe6+ {[%clk 0:42:29]} Bxe6 {[%clk 0:15:10]}
21. Qxe6 {[%clk 0:42:45]} Qa3 {[%clk 0:12:25]} 22. Bf5 {[%clk 0:42:27]} 1-0

[Event "DEM U18w 2020"]
[Site "Willingen GER"]
[Date "2020.10.20"]
[Round "1"]
[White "Tornay, Haizea"]
[Black "Kobald, Jacqueline"]
[Result "0-1"]
[Termination "normal"]
[Board "3"]
[WhiteElo "1659"]
[BlackElo "1955"]
[WhiteClock "00:20:41"]
[BlackClock "00:21:06"]
[PlyCount "102"]
[WhiteFideId "16205758"]
[BlackFideId "12988162"]
[EventCountry "GER"]
[EventRounds "7"]
[EventType "swiss"]
[EventDate "2020.10.19"]

1. d4 {[%clk 1:30:57]} Nf6 {[%clk 1:30:49]} 2. c4 {[%clk 1:31:20]} c5 {[%clk
1:30:53]} 3. d5 {[%clk 1:31:43]} b5 {[%clk 1:30:44]} 4. Qc2 {[%clk 1:31:57]}
bxc4 {[%clk 1:25:00]} 5. e4 {[%clk 1:32:13]} d6 {[%clk 1:24:33]} 6. Bxc4 g6
{[%clk 1:24:06]} 7. Nf3 {[%clk 1:29:17]} Bg7 {[%clk 1:24:03]} 8. O-O {[%clk
1:27:42]} O-O {[%clk 1:23:52]} 9. Bd2 {[%clk 1:23:45]} Na6 {[%clk 1:05:46]} 10.
a3 {[%clk 1:21:33]} Qb6 {[%clk 1:00:18]} 11. Bc3 {[%clk 1:19:28]} Bd7 {[%clk
0:57:07]} 12. Nbd2 {[%clk 1:15:22]} Nc7 {[%clk 0:55:31]} 13. Rfd1 {[%clk
0:56:04]} Nb5 {[%clk 0:45:55]} 14. Bxb5 {[%clk 0:43:42]} Bxb5 {[%clk 0:40:27]}
15. b3 {[%clk 0:29:40]} Rab8 {[%clk 0:30:21]} 16. Nc4 {[%clk 0:21:09]} Bxc4
{[%clk 0:28:37]} 17. bxc4 {[%clk 0:21:36]} Qb3 {[%clk 0:23:20]} 18. Qd3 {[%clk
0:18:21]} Nxe4 {[%clk 0:17:50]} 19. Bxg7 {[%clk 0:15:37]} Qxd3 {[%clk 0:18:03]}
20. Rxd3 {[%clk 0:16:05]} Kxg7 {[%clk 0:18:24]} 21. Re3 {[%clk 0:16:08]} f5
{[%clk 0:17:51]} 22. g4 {[%clk 0:11:27]} Rb2 {[%clk 0:15:49]} 23. Nh4 {[%clk
0:09:06]} Nxf2 {[%clk 0:07:58]} 24. gxf5 {[%clk 0:05:46]} g5 {[%clk 0:06:30]}
25. Rxe7+ {[%clk 0:02:54]} Rf7 {[%clk 0:06:17]} 26. Rxf7+ {[%clk 0:02:27]} Kxf7
{[%clk 0:06:40]} 27. Ng2 {[%clk 0:02:34]} Nh3+ {[%clk 0:06:50]} 28. Kh1 {[%clk
0:02:43]} Kf6 {[%clk 0:05:00]} 29. Rf1 {[%clk 0:02:22]} Rf2 {[%clk 0:05:03]}
30. Rxf2 {[%clk 0:01:54]} Nxf2+ {[%clk 0:05:27]} 31. Kg1 {[%clk 0:02:20]} Nd1
{[%clk 0:05:39]} 32. Kf1 {[%clk 0:02:13]} Kxf5 {[%clk 0:05:35]} 33. Ke2 {[%clk
0:02:14]} Nb2 {[%clk 0:05:25]} 34. Ne3+ {[%clk 0:02:13]} Kf4 {[%clk 0:04:56]}
35. Kf2 {[%clk 0:01:25]} h5 {[%clk 0:04:13]} 36. Ke2 {[%clk 0:01:22]} g4 {[%clk
0:03:13]} 37. Ng2+ {[%clk 0:00:57]} Ke4 {[%clk 0:03:24]} 38. Ne3 {[%clk
0:01:21]} a5 {[%clk 0:01:41]} 39. Kf2 {[%clk 0:01:15]} a4 {[%clk 0:01:03]} 40.
Ke2 {[%clk 0:01:35]} Nd3 {[%clk 0:00:47]} 41. Nf1 {[%clk 0:01:19]} Nf4+ {[%clk
0:27:52]} 42. Kf2 {[%clk 0:28:18]} h4 {[%clk 0:25:55]} 43. Nd2+ {[%clk
0:25:01]} Kd3 {[%clk 0:25:38]} 44. Nf1 {[%clk 0:22:39]} Kxc4 {[%clk 0:23:21]}
45. Ne3+ {[%clk 0:23:02]} Kd3 {[%clk 0:21:57]} 46. Nxg4 {[%clk 0:20:54]} Nxd5
{[%clk 0:22:01]} 47. Ke1 {[%clk 0:21:09]} c4 {[%clk 0:21:52]} 48. Nf2+ {[%clk
0:21:27]} Kd4 {[%clk 0:21:13]} 49. Kd2 {[%clk 0:21:08]} Ne3 {[%clk 0:20:59]}
50. h3 {[%clk 0:20:52]} c3+ {[%clk 0:21:13]} 51. Kc1 {[%clk 0:20:41]} Nc4
{[%clk 0:21:06]} 0-1

[Event "DEM U18w 2020"]
[Site "Willingen GER"]
[Date "2020.10.20"]
[Round "1"]
[White "Ehmann, Johanna"]
[Black "Nizamova, Rita"]
[Result "1/2-1/2"]
[Termination "normal"]
[Board "4"]
[WhiteElo "1846"]
[BlackElo "1684"]
[WhiteClock "00:04:58"]
[BlackClock "00:28:53"]
[PlyCount "109"]
[WhiteFideId "12953130"]
[BlackFideId "16221940"]
[EventCountry "GER"]
[EventRounds "7"]
[EventType "swiss"]
[EventDate "2020.10.19"]

1. e4 {[%clk 1:30:55]} d5 {[%clk 1:30:56]} 2. exd5 {[%clk 1:31:11]} c6 {[%clk
1:31:18]} 3. Nc3 {[%clk 1:30:36]} Nf6 {[%clk 1:31:25]} 4. d4 {[%clk 1:29:56]}
cxd5 {[%clk 1:30:14]} 5. Bf4 {[%clk 1:20:26]} a6 {[%clk 1:25:56]} 6. Nf3 {[%clk
1:15:35]} Bg4 {[%clk 1:24:19]} 7. Be2 {[%clk 1:08:06]} e6 {[%clk 1:23:51]} 8.
h3 {[%clk 1:06:18]} Bxf3 {[%clk 1:24:05]} 9. Bxf3 {[%clk 1:06:25]} Bd6 {[%clk
1:22:37]} 10. Qd2 {[%clk 1:04:57]} Qc7 {[%clk 1:20:26]} 11. Bxd6 {[%clk
0:59:13]} Qxd6 {[%clk 1:20:39]} 12. O-O {[%clk 0:54:34]} O-O {[%clk 1:09:50]}
13. Rfe1 {[%clk 0:44:34]} Nbd7 {[%clk 1:08:08]} 14. Ne2 {[%clk 0:40:10]} Rac8
{[%clk 1:06:30]} 15. Rac1 {[%clk 0:34:18]} Nb6 {[%clk 1:03:44]} 16. b3 {[%clk
0:33:18]} Rc7 {[%clk 1:02:41]} 17. Nf4 {[%clk 0:30:53]} Rfc8 {[%clk 1:01:10]}
18. Nd3 {[%clk 0:27:29]} Nbd7 {[%clk 0:59:29]} 19. c3 {[%clk 0:25:41]} Qa3
{[%clk 0:57:17]} 20. Rc2 {[%clk 0:15:52]} Ne8 {[%clk 0:53:12]} 21. Ne5 {[%clk
0:14:41]} Nd6 {[%clk 0:50:41]} 22. Nxd7 {[%clk 0:13:31]} Rxd7 {[%clk 0:50:38]}
23. Rec1 {[%clk 0:12:32]} Rdc7 {[%clk 0:49:34]} 24. Be2 {[%clk 0:11:30]} b5
{[%clk 0:48:21]} 25. Bd3 {[%clk 0:10:54]} Qa5 {[%clk 0:43:46]} 26. a4 {[%clk
0:07:42]} bxa4 {[%clk 0:43:30]} 27. bxa4 {[%clk 0:06:40]} Nc4 {[%clk 0:43:35]}
28. Qe2 {[%clk 0:06:13]} Qxa4 {[%clk 0:41:39]} 29. Ra2 {[%clk 0:05:50]} Qb5
{[%clk 0:39:21]} 30. Rb1 {[%clk 0:05:11]} Qc6 {[%clk 0:35:54]} 31. Rba1 {[%clk
0:04:03]} a5 {[%clk 0:34:19]} 32. Rc2 {[%clk 0:02:26]} Ra8 {[%clk 0:31:09]} 33.
f4 {[%clk 0:01:57]} a4 {[%clk 0:27:16]} 34. f5 {[%clk 0:01:46]} a3 {[%clk
0:24:05]} 35. fxe6 {[%clk 0:00:39]} Qxe6 {[%clk 0:24:04]} 36. Bxc4 {[%clk
0:00:37]} Rxc4 {[%clk 0:23:44]} 37. Qd3 {[%clk 0:00:33]} Qb6 {[%clk 0:19:35]}
38. Rca2 {[%clk 0:00:35]} Qb3 {[%clk 0:19:03]} 39. Rc2 {[%clk 0:00:31]} a2
{[%clk 0:18:25]} 40. Rcc1 {[%clk 0:00:35]} Rac8 {[%clk 0:14:40]} 41. Qf5 {[%clk
0:17:44]} Qb2 {[%clk 0:43:49]} 42. Rf1 {[%clk 0:16:42]} Qb7 {[%clk 0:42:21]}
43. Rxa2 {[%clk 0:16:13]} Rxc3 {[%clk 0:42:35]} 44. Ra5 {[%clk 0:13:09]} Rd8
{[%clk 0:41:23]} 45. Rb1 {[%clk 0:11:16]} Rb3 {[%clk 0:39:14]} 46. Rxb3 {[%clk
0:10:01]} Qxb3 {[%clk 0:39:25]} 47. Ra7 {[%clk 0:07:09]} Rf8 {[%clk 0:33:30]}
48. Qe5 {[%clk 0:05:38]} Qb1+ {[%clk 0:29:51]} 49. Kh2 {[%clk 0:05:38]} Qe4
{[%clk 0:29:54]} 50. Rd7 {[%clk 0:04:22]} Qxe5+ {[%clk 0:28:32]} 51. dxe5
{[%clk 0:04:44]} Re8 {[%clk 0:28:49]} 52. Rxd5 {[%clk 0:05:02]} Kf8 {[%clk
0:29:08]} 53. Kg3 {[%clk 0:05:12]} Ke7 {[%clk 0:29:03]} 54. Kf4 {[%clk
0:05:08]} Ra8 {[%clk 0:28:53]} 55. Rd4 {[%clk 0:04:58]} 1/2-1/2

[Event "DEM U18w 2020"]
[Site "Willingen GER"]
[Date "2020.10.20"]
[Round "1"]
[White "Garbuz, Nicole"]
[Black "Schiewe, Nadin"]
[Result "0-1"]
[Termination "normal"]
[Board "6"]
[WhiteElo "1719"]
[BlackElo "1660"]
[WhiteClock "00:05:07"]
[BlackClock "00:02:23"]
[PlyCount "64"]
[WhiteFideId "12990701"]
[BlackFideId "16209079"]
[EventCountry "GER"]
[EventRounds "7"]
[EventType "swiss"]
[EventDate "2020.10.19"]

1. e4 {[%clk 1:30:55]} d5 {[%clk 1:30:55]} 2. exd5 {[%clk 1:31:18]} Qxd5 {[%clk
1:31:18]} 3. Nc3 {[%clk 1:31:41]} Qa5 {[%clk 1:31:37]} 4. d4 {[%clk 1:31:46]}
c6 {[%clk 1:31:54]} 5. Bc4 {[%clk 1:31:45]} Nf6 {[%clk 1:32:06]} 6. Nge2 {[%clk
1:31:32]} Bf5 {[%clk 1:29:50]} 7. Ng3 {[%clk 1:30:59]} Bg6 {[%clk 1:29:53]} 8.
f4 {[%clk 1:29:53]} e6 {[%clk 1:26:08]} 9. O-O {[%clk 1:30:03]} Nh5 {[%clk
1:13:20]} 10. f5 {[%clk 1:28:01]} Nxg3 {[%clk 1:08:36]} 11. fxg6 {[%clk
1:28:07]} Nxf1 {[%clk 1:04:00]} 12. gxf7+ {[%clk 1:27:29]} Kxf7 {[%clk
1:00:52]} 13. Qxf1+ {[%clk 1:25:42]} Ke7 {[%clk 1:01:10]} 14. Bd2 {[%clk
1:12:58]} Qf5 {[%clk 0:55:38]} 15. Qe2 {[%clk 1:11:07]} h6 {[%clk 0:47:54]} 16.
Rf1 {[%clk 0:58:59]} Qg6 {[%clk 0:46:08]} 17. d5 {[%clk 0:58:47]} cxd5 {[%clk
0:41:57]} 18. Nxd5+ {[%clk 0:58:24]} Kd7 {[%clk 0:33:36]} 19. Nf4 {[%clk
0:51:29]} Qe8 {[%clk 0:28:48]} 20. Bxe6+ {[%clk 0:48:24]} Kd8 {[%clk 0:27:43]}
21. Ba5+ {[%clk 0:42:30]} b6 {[%clk 0:26:41]} 22. Rd1+ {[%clk 0:42:46]} Kc7
{[%clk 0:23:36]} 23. Qe5+ {[%clk 0:36:38]} Kb7 {[%clk 0:22:44]} 24. Qe4+ {[%clk
0:36:10]} Ka6 {[%clk 0:20:06]} 25. Qxa8 {[%clk 0:21:29]} Bc5+ {[%clk 0:18:25]}
26. Kh1 {[%clk 0:20:25]} Rf8 {[%clk 0:08:59]} 27. Nd5 {[%clk 0:19:07]} Bd6
{[%clk 0:05:03]} 28. Bb4 {[%clk 0:10:29]} Qh5 {[%clk 0:03:02]} 29. Nc7+ {[%clk
0:08:13]} Bxc7 {[%clk 0:03:26]} 30. Bc4+ {[%clk 0:07:32]} b5 {[%clk 0:03:52]}
31. Bxb5+ {[%clk 0:07:17]} Kxb5 {[%clk 0:03:22]} 32. Rd5+ {[%clk 0:05:07]} Ka6
{[%clk 0:02:23]} 0-1

[Event "DEM U18w 2020"]
[Site "Willingen GER"]
[Date "2020.10.20"]
[Round "1"]
[White "Köpke, Carolina"]
[Black "Mundt, Alexandra"]
[Result "0-1"]
[Termination "normal"]
[Board "7"]
[WhiteElo "1486"]
[BlackElo "1786"]
[WhiteClock "00:13:51"]
[BlackClock "00:00:52"]
[PlyCount "60"]
[WhiteFideId "16288874"]
[BlackFideId "16217276"]
[EventCountry "GER"]
[EventRounds "7"]
[EventType "swiss"]
[EventDate "2020.10.19"]

1. d4 {[%clk 1:30:54]} d5 {[%clk 1:30:54]} 2. Bf4 {[%clk 1:31:09]} Nf6 {[%clk
1:31:06]} 3. e3 {[%clk 1:31:21]} g6 {[%clk 1:31:28]} 4. Nd2 Bg7 {[%clk
1:31:09]} 5. h4 {[%clk 1:30:27]} c5 {[%clk 1:29:07]} 6. c3 {[%clk 1:30:25]} Nc6
{[%clk 1:27:49]} 7. Ngf3 {[%clk 1:26:04]} O-O 8. Ne5 {[%clk 1:25:23]} Nd7
{[%clk 1:16:56]} 9. Nxd7 {[%clk 1:11:42]} Qxd7 {[%clk 1:12:08]} 10. Nf3 {[%clk
1:07:23]} c4 {[%clk 1:03:05]} 11. Qc2 {[%clk 1:00:54]} Re8 {[%clk 0:58:29]} 12.
O-O-O {[%clk 0:55:05]} Qd8 {[%clk 0:57:00]} 13. h5 {[%clk 0:51:29]} Bf5 {[%clk
0:53:03]} 14. Qe2 {[%clk 0:48:19]} Qa5 {[%clk 0:43:07]} 15. a3 {[%clk 0:47:09]}
Qa4 {[%clk 0:42:34]} 16. Nh4 {[%clk 0:46:54]} Bd3 {[%clk 0:42:19]} 17. Rxd3
{[%clk 0:45:48]} cxd3 {[%clk 0:42:38]} 18. Qxd3 {[%clk 0:46:11]} Na5 {[%clk
0:36:16]} 19. hxg6 {[%clk 0:44:34]} fxg6 {[%clk 0:36:31]} 20. Nxg6 {[%clk
0:37:52]} Nb3+ {[%clk 0:22:58]} 21. Kb1 {[%clk 0:34:52]} hxg6 {[%clk 0:09:52]}
22. Qxg6 {[%clk 0:34:08]} Nd2+ {[%clk 0:07:13]} 23. Kc1 {[%clk 0:32:34]} Nb3+
{[%clk 0:06:55]} 24. Kd1 {[%clk 0:27:39]} e6 {[%clk 0:02:01]} 25. Be5 {[%clk
0:24:14]} Nxd4+ {[%clk 0:01:29]} 26. Ke1 {[%clk 0:23:50]} Nf5 {[%clk 0:01:44]}
27. g4 {[%clk 0:23:50]} Qc2 {[%clk 0:00:40]} 28. Be2 {[%clk 0:21:14]} Qe4
{[%clk 0:00:33]} 29. Qh7+ {[%clk 0:16:06]} Kf7 {[%clk 0:00:38]} 30. f4 {[%clk
0:13:51]} Rh8 {[%clk 0:00:52]} 0-1

[Event "DEM U18w 2020"]
[Site "Willingen GER"]
[Date "2020.10.20"]
[Round "1"]
[White "Grining, Maria"]
[Black "Rempe, Janne"]
[Result "1-0"]
[Termination "normal"]
[Board "8"]
[WhiteElo "1768"]
[BlackElo "1517"]
[WhiteClock "00:14:01"]
[BlackClock "00:21:40"]
[PlyCount "101"]
[WhiteFideId "16235037"]
[BlackFideId "16202392"]
[EventCountry "GER"]
[EventRounds "7"]
[EventType "swiss"]
[EventDate "2020.10.19"]

1. d4 {[%clk 1:30:57]} d6 {[%clk 1:30:46]} 2. Nf3 {[%clk 1:31:19]} Nf6 {[%clk
1:30:39]} 3. c4 {[%clk 1:31:41]} Nbd7 {[%clk 1:29:54]} 4. Nc3 {[%clk 1:32:02]}
e5 {[%clk 1:29:05]} 5. e4 {[%clk 1:32:19]} c6 {[%clk 1:28:24]} 6. Be2 {[%clk
1:30:57]} Be7 {[%clk 1:27:45]} 7. O-O {[%clk 1:31:09]} O-O {[%clk 1:26:30]} 8.
Qc2 {[%clk 1:27:20]} Qc7 {[%clk 1:23:54]} 9. Be3 {[%clk 1:17:37]} Re8 {[%clk
1:20:29]} 10. d5 {[%clk 1:08:21]} Nf8 {[%clk 1:09:07]} 11. Rac1 {[%clk
0:59:52]} c5 12. a3 {[%clk 0:55:53]} Ng6 {[%clk 1:02:37]} 13. b4 {[%clk
0:49:59]} b6 {[%clk 1:02:33]} 14. Ne1 {[%clk 0:44:35]} h5 {[%clk 0:54:32]} 15.
Nd3 {[%clk 0:40:05]} cxb4 {[%clk 0:43:59]} 16. Nb5 {[%clk 0:37:17]} Qd7 {[%clk
0:40:50]} 17. axb4 {[%clk 0:35:13]} h4 {[%clk 0:30:07]} 18. f4 {[%clk 0:29:47]}
Nxe4 {[%clk 0:25:56]} 19. f5 {[%clk 0:27:10]} Nf8 {[%clk 0:23:39]} 20. Nxe5
{[%clk 0:25:23]} dxe5 {[%clk 0:20:58]} 21. Qxe4 {[%clk 0:25:46]} Bxb4 {[%clk
0:19:12]} 22. d6 {[%clk 0:20:09]} Bb7 {[%clk 0:17:28]} 23. Qxh4 {[%clk
0:19:41]} Bxd6 {[%clk 0:15:42]} 24. Rcd1 {[%clk 0:19:04]} Be7 {[%clk 0:15:08]}
25. Rxd7 {[%clk 0:19:14]} Bxh4 {[%clk 0:14:30]} 26. Rxb7 {[%clk 0:19:37]} Re7
{[%clk 0:09:11]} 27. Rxe7 {[%clk 0:17:10]} Bxe7 {[%clk 0:09:31]} 28. Ra1 {[%clk
0:13:00]} a6 {[%clk 0:08:27]} 29. Bxb6 {[%clk 0:12:42]} Rb8 {[%clk 0:08:30]}
30. Rxa6 {[%clk 0:13:01]} Rxb6 {[%clk 0:08:41]} 31. Ra8 {[%clk 0:11:09]} Rf6
{[%clk 0:07:38]} 32. g4 {[%clk 0:08:26]} Kh7 {[%clk 0:06:58]} 33. Re8 {[%clk
0:07:01]} Bc5+ {[%clk 0:06:47]} 34. Kg2 {[%clk 0:07:22]} Nd7 {[%clk 0:06:52]}
35. Rd8 {[%clk 0:05:03]} Nb6 {[%clk 0:07:11]} 36. g5 {[%clk 0:04:48]} Rc6
{[%clk 0:06:24]} 37. h4 {[%clk 0:03:40]} Bb4 {[%clk 0:05:11]} 38. Bd3 {[%clk
0:03:22]} Nxc4 {[%clk 0:05:09]} 39. g6+ {[%clk 0:03:41]} fxg6 {[%clk 0:05:29]}
40. fxg6+ {[%clk 0:04:02]} Rxg6+ {[%clk 0:04:57]} 41. Bxg6+ {[%clk 0:04:28]}
Kxg6 {[%clk 0:05:22]} 42. Kf3 {[%clk 0:03:52]} Be7 {[%clk 0:04:41]} 43. Rc8
{[%clk 0:03:46]} Nd2+ {[%clk 0:03:35]} 44. Kg4 {[%clk 0:01:38]} Ne4 {[%clk
0:01:02]} 45. h5+ {[%clk 0:27:21]} Kh7 {[%clk 0:31:10]} 46. Kf5 {[%clk
0:21:48]} Ng3+ {[%clk 0:29:13]} 47. Kg4 {[%clk 0:20:46]} Ne4 {[%clk 0:29:09]}
48. Nc7 {[%clk 0:19:23]} Nf6+ {[%clk 0:27:48]} 49. Kh4 {[%clk 0:17:06]} e4
{[%clk 0:27:02]} 50. Ne6 {[%clk 0:14:36]} e3 {[%clk 0:21:40]} 51. Ng5+ {[%clk
0:14:01]} 1-0

[Event "DEM U18w 2020"]
[Site "Willingen GER"]
[Date "2020.10.20"]
[Round "1"]
[White "Kühne, Maria"]
[Black "Naumenko, Valerija"]
[Result "0-1"]
[Termination "normal"]
[Board "9"]
[WhiteElo "1590"]
[BlackElo "1678"]
[WhiteClock "00:27:38"]
[BlackClock "00:32:12"]
[PlyCount "84"]
[WhiteFideId "12997412"]
[BlackFideId "16222890"]
[EventCountry "GER"]
[EventRounds "7"]
[EventType "swiss"]
[EventDate "2020.10.19"]

1. e4 {[%clk 1:30:58]} e5 {[%clk 1:30:54]} 2. Bc4 {[%clk 1:31:24]} Nf6 {[%clk
1:31:17]} 3. d3 {[%clk 1:31:51]} Be7 {[%clk 1:31:16]} 4. Nc3 {[%clk 1:32:16]}
c6 {[%clk 1:31:38]} 5. Nf3 {[%clk 1:32:28]} d6 {[%clk 1:31:42]} 6. O-O {[%clk
1:32:42]} O-O {[%clk 1:31:55]} 7. h3 {[%clk 1:31:02]} Nbd7 {[%clk 1:11:50]} 8.
Bb3 {[%clk 1:30:35]} b5 {[%clk 1:11:35]} 9. Re1 {[%clk 1:28:18]} Nc5 {[%clk
1:08:29]} 10. Be3 {[%clk 1:20:58]} Ne6 {[%clk 1:07:53]} 11. Ne2 {[%clk
1:19:30]} Re8 {[%clk 0:53:26]} 12. Ng3 {[%clk 1:18:50]} Nf4 {[%clk 0:42:22]}
13. d4 {[%clk 1:13:51]} Ng6 {[%clk 0:41:45]} 14. c3 {[%clk 0:57:22]} Qc7 {[%clk
0:36:56]} 15. Rc1 {[%clk 0:50:54]} h6 {[%clk 0:32:53]} 16. Qd2 {[%clk 0:44:36]}
c5 {[%clk 0:23:39]} 17. Bc2 {[%clk 0:39:35]} Be6 {[%clk 0:20:06]} 18. d5 {[%clk
0:37:51]} Bd7 {[%clk 0:20:26]} 19. Ra1 {[%clk 0:34:36]} a5 {[%clk 0:19:13]} 20.
Qe2 {[%clk 0:25:09]} Reb8 {[%clk 0:15:25]} 21. Reb1 {[%clk 0:15:30]} c4 {[%clk
0:11:25]} 22. Nd2 {[%clk 0:14:16]} Be8 {[%clk 0:10:37]} 23. Nf5 {[%clk
0:13:52]} Bf8 {[%clk 0:11:01]} 24. g3 {[%clk 0:12:07]} Rc8 {[%clk 0:10:46]} 25.
h4 {[%clk 0:11:58]} Ne7 {[%clk 0:09:52]} 26. Nxe7+ {[%clk 0:12:03]} Bxe7 {[%clk
0:09:56]} 27. f4 {[%clk 0:12:18]} exf4 {[%clk 0:09:19]} 28. Bxf4 {[%clk
0:12:36]} Bd7 {[%clk 0:09:39]} 29. Re1 {[%clk 0:11:14]} Ng4 {[%clk 0:08:40]}
30. Nf3 {[%clk 0:10:26]} Re8 {[%clk 0:08:02]} 31. Nd4 {[%clk 0:08:47]} Bf6
{[%clk 0:04:56]} 32. Rad1 {[%clk 0:04:22]} Be5 {[%clk 0:03:18]} 33. Kg2 {[%clk
0:02:38]} Bxf4 {[%clk 0:02:28]} 34. gxf4 {[%clk 0:03:04]} Qd8 {[%clk 0:02:49]}
35. Rh1 {[%clk 0:02:59]} f5 {[%clk 0:02:23]} 36. Ne6 {[%clk 0:02:41]} Bxe6
{[%clk 0:02:41]} 37. dxe6 {[%clk 0:03:07]} Rxe6 {[%clk 0:02:59]} 38. e5 {[%clk
0:03:29]} Qf8 {[%clk 0:01:41]} 39. Qf3 {[%clk 0:03:48]} Rae8 40. Qg3 {[%clk
0:03:04]} dxe5 {[%clk 0:01:47]} 41. fxe5 {[%clk 0:01:54]} Rxe5 {[%clk 0:01:58]}
42. Rde1 {[%clk 0:27:38]} Re2+ {[%clk 0:32:12]} 0-1